000 00521nam a22001577a 4500
082 _a621.31
_bALI
100 _aAli, Muhammad (450877)
_9132406
245 _aOptimal Planning and Management of Multi-Microgrids with Energy Storage Systems and Renewables across 2050 Horizon /
264 _aIslamabad :
_bUSPCAS-E, NUST
_cSeptember, 2025
300 _axv, 67 p.
_e+CD
520 _aTH-685
650 _aMS EEP Thesis
650 _aMS Thesis
_918721
700 _aSupervisor: Dr. Syed Ali Abbas Kazmi
942 _2ddc
_cTHE
999 _c615600
_d615600